| 000 | 00495cam a2200193ua 4500 | ||
|---|---|---|---|
| 020 |
_a0 85334 897 9 _c39.00 |
||
| 041 |
_aeng _h |
||
| 082 |
_a664.02 _bLIN/FO |
||
| 100 | _aLinko, P . | ||
| 245 |
_aFood process engineering Vol. ll / _cP Linko. _hTextual Documents |
||
| 250 |
_a1 / _b. |
||
| 260 |
_aLondon : _bApplied science publishers Ltd , _c1980. |
||
| 300 | _a316 ; . | ||
| 365 | _a39.00 | ||
| 504 | _a | ||
| 700 | 1 | _aLarinkari, J . | |
| 942 | _cBK | ||
| 999 |
_c2670 _d2670 |
||